Online Catalogue and eLibrary

Korala kale ale (Record no. 4803)

MARC details
000 -LEADER
fixed length control field 00396nam a2200157Ia 4500
005 - DATE AND TIME OF LATEST TRANSACTION
control field 20250305001827.0
008 - FIXED-LENGTH DATA ELEMENTS--GENERAL INFORMATION
fixed length control field 240331s9999 xx 000 0 und d
020 ## - INTERNATIONAL STANDARD BOOK NUMBER
ISBN 9559004074
082 ## - DDC Classification
Item Number - Author Mark MAR
Class No. 891
100 ## - MAIN ENTRY--PERSONAL NAME
Personal name Marquez,G.G
245 #0 - TITLE STATEMENT
Title Korala kale ale
260 ## - PUBLICATION, DISTRIBUTION, ETC.
Place of publication, distribution, etc. Colombo
Name of publisher, distributor, etc. Dhayawancha Jayakody & Company
Date of publication, distribution, etc. 1997
300 ## - PHYSICAL DESCRIPTION
Extent (e.g. Volumes, Pages etc.) 524 p .,
500 ## - GENERAL NOTE
General note Love in the time of Cholera
942 ## - Koha item type (Biblio)
Koha item type Books in Stacks (Lending)
Holdings
Lost status Damaged status Collection code Home library Current library Shelving location Date acquired Full call number Accession Number Item type
    Lending WERC Library WERC Library Social Science Cupboard 03/31/2024 891.48 MAR 4356 Books in Stacks (Lending)

© WERC Library